|
|
|
|
| LEADER |
01172nam a2200241 i 4500 |
| 003 |
GR-PaULI |
| 005 |
20240906160632.0 |
| 008 |
240906s1991 g ab||g b||| 00| 0 eng d |
| 020 |
|
|
|q (χαρτόδετο)
|
| 040 |
|
|
|a GR-PaULI
|b gre
|c GR-PaULI
|d GR-AiPI
|e AACR2
|
| 041 |
0 |
|
|a gre
|
| 082 |
0 |
4 |
|2 23
|a 938.1
|
| 100 |
1 |
|
|a Σισμανίδης, Κώστας Λ.
|9 204838
|e συγγραφέας.
|
| 245 |
1 |
0 |
|a Καλαμωτό Θεσσαλονίκης :
|b [τα αρχαία Καλίνδοια) /
|c Σισμανίδης Λ. Κώστας.
|
| 260 |
|
|
|a Θεσσαλονίκη :
|b [Πάπυρος],
|c 1991.
|
| 300 |
|
|
|a 135 σ. :
|b εικ., χάρτες ;
|c 24 εκ.
|
| 504 |
|
|
|6 Περιλαμβάνει βιβλιογραφικές παραπομπές.
|
| 651 |
|
0 |
|a Καλίνδοια(Καλαμωτό,Θεσσαλονίκη)
|9 205575
|
| 651 |
|
4 |
|a Καλίνδοια(Καλαμωτό,Θεσσαλονίκη)
|x Αρχαιότητες.
|9 205576
|
| 942 |
|
|
|2 ddc
|c BK
|
| 952 |
|
|
|0 0
|1 0
|2 ddc
|4 0
|6 938_100000000000000_ΣΙΣ
|7 0
|9 383183
|a LISP
|b LISP
|c BSC
|d 2024-09-06
|l 0
|o 938.1 ΣΙΣ
|p 025000313414
|r 2024-09-06 15:51:40
|w 2024-09-06
|y BK15
|
| 998 |
|
|
|c ΚΟΚΟΤΟΥ
|d 2024-09
|
| 999 |
|
|
|c 222581
|d 222581
|